000 01040nam a2200301 i 4500
001 bg
100 1 _aDECKERT, Joanna
245 1 0 _aRegulacja genów cyklu komórkowego roślin /
_cJoanna Deckert.
260 _aPoznań :
_bWydawnictwo Naukowe UAM,
_c2000.
300 _a137 s. :
_bil. (w tym kolor.) ;
_c24 cm.
490 1 _aBiologia / Uniwersytet im. Adama Mickiewicz,
_x0554-811X ;
_vnr 63
500 _aStreszcz. ang.
504 _aBibliogr.
650 9 _aCykliny (biol.)
_xbotanika
_xbadanie
650 9 _aRośliny
_xgenetyka
_xbadanie
650 9 _aCykl komórkowy
_xbotanika
_xbadanie
650 9 _aŁubin
_xbadanie
650 9 _aSoja
_xbadanie
830 0 _aBiologia (Uniwersytet im. Adama Mickiewicz) ;
_vnr 63
020 _a8323210632
040 _cBPK
041 0 _apol
_beng
080 _a581.1::575
920 _a83-232-1063-2
942 _cKS
008 s pl f |000 0 pol
999 _c52327
_d52327
856 _uhttp://koha.tu.koszalin.pl/cgi-bin/koha/opac-detail.pl?biblionumber=52327
_yKatalog online BPK